| 000 | 00458 a2200133 4500 | ||
|---|---|---|---|
| 001 | 92316 | ||
| 020 | _a9788120346116 | ||
| 082 | _a658.501 DEV | ||
| 090 |
_c44271 _d44272 |
||
| 100 | _aDevadasan,S.R. , Mohan Sivakumar,V. ,Murugesh,R. , Shalij P.R. | ||
| 245 |
_aLean and Agile Manufacturing: Theoretical, Practical and Research Futurities _cDevadasan, S. R. ; V. Sivakumar |
||
| 260 |
_aIndia _bPHI Learning (Pvt) Ltd _c2012 |
||
| 300 | _axvi, 275p. | ||
| 942 |
_aCAE NUST _cTXT _k658.501 DEV |
||
| 999 |
_c327389 _d327389 |
||